书目信息 |
| 题名: |
大学英语六级最新题型应试亮剑
|
|
| 作者: | 陈路林 主编 | |
| 分册: | 模拟试题 | |
| 出版信息: | 上海 上海交通大学出版社 2006.11 |
|
| 页数: | 181页 | |
| 开本: | 26cm | |
| 丛书名: | ||
| 单 册: | ||
| 中图分类: | H319.6 | |
| 科图分类: | ||
| 主题词: | 英语--ying yu--高等学校--水平考试--习题 | |
| 电子资源: | ||
| ISBN: | 978-7-313-046-12-3 | |
| 000 | 00903nam0 2200229 450 | |
| 001 | 012007717899 | |
| 005 | 20071011094034.45 | |
| 010 | @a978-7-313-046-12-3@dCNY28.00 (含光盘) | |
| 100 | @a20070803d2006 km y0chiy0120 ea | |
| 101 | 0 | @achi@aeng |
| 102 | @aCN@b310000 | |
| 105 | @ay z 000yy | |
| 200 | 1 | @a大学英语六级最新题型应试亮剑@Ada xue ying yu liu ji zui xin ti xing ying shi liang jian@i模拟试题@f陈路林主编@Fchen lu lin zhu bian |
| 210 | @a上海@c上海交通大学出版社@d2006.11 | |
| 215 | @a181页@d26cm@e光盘1片 | |
| 307 | @a光盘 ISRC : CN-R05-06-0054-0 | |
| 330 | @a本书是根据《全国大学英语四、六级考试改革方案(试行)》的要求编写的六级模拟试题集,涵盖了六级考试的所有最新题型。全书共计十套试卷,并配有较详细的答案分析。 | |
| 606 | 0 | @a英语@Aying yu@x高等学校@x水平考试@j习题 |
| 690 | @aH319.6@v4 | |
| 701 | 0 | @a陈路林@Achen lu lin@4主编 |
| 801 | 0 | @aCN@c20071011 |
| 905 | @dH319.6@eC503 | |
| 大学英语六级最新题型应试亮剑.模拟试题/陈路林主编.-上海:上海交通大学出版社,2006.11 |
| 181页;26cm+光盘1片 |
| ISBN 978-7-313-046-12-3:CNY28.00 (含光盘) |
| 本书是根据《全国大学英语四、六级考试改革方案(试行)》的要求编写的六级模拟试题集,涵盖了六级考试的所有最新题型。全书共计十套试卷,并配有较详细的答案分析。 |
| ● |
| 相关链接 |
|
|
|
正题名:大学英语六级最新题型应试亮剑
索取号:H319.6/C503
 
预约/预借
| 序号 | 登录号 | 条形码 | 馆藏地/架位号 | 状态 | 备注 |
| 1 | 252044 | 202520441 | 语言库209/209语言库 57排1列1层/ [索取号:H319.6/C503] | 在馆 | |
| 2 | 252045 | 202520450 | 语言库209/209语言库 57排1列1层/ [索取号:H319.6/C503] | 在馆 | |
| 3 | 252046 | 202520469 | 语言库209/209语言库 57排1列1层/ [索取号:H319.6/C503] | 在馆 |